| 000 | 00907nam a2200301Ia 4500 | ||
|---|---|---|---|
| 001 | 60735 | ||
| 003 | IT-RoPAU | ||
| 008 | 130308s9999 xx 000 0 und d | ||
| 040 | _aIT-RoPAU | ||
| 040 | _cIT-RoPAU | ||
| 041 | _aFRANCESE | ||
| 100 | _aBranca Sonia | ||
| 100 | _gCodice Aut. SPICS: 21903 | ||
| 245 | _aEnseignement du francais et langues regionales: les grammaires francaises pour patoisants au XIX siecle | ||
| 245 | _bMateriaux pour una Histoire des Theories Linguistiques | ||
| 250 | _a1a ed. | ||
| 260 | _aLILLE | ||
| 260 | _bPresses Universitaires | ||
| 260 | _c1984 [1° Ed.:1984 - Ed.Ling.Originale:1984] | ||
| 300 | _a"11 p. (prefazione: no ; testo: 11 [pagine: 437-447])" | ||
| 500 | _aInsegnamento del Francese e Lignue Regionali | ||
| 650 | _aLINGUISTICA | ||
| 650 | _eCodice materia Spics: 3201 | ||
| 942 | _cBK | ||
| 957 | _71 | ||
| 999 |
_c39258 _d39258 |
||
| 999 | _bSI | ||
| 999 | _g1 | ||